Culture Générale - Série 2045 - Statistiques

Statistiques générales
  • Ce quiz a été pris 102 fois
  • Le résultat moyen est 5 sur 10
Statistiques - réponses
Question Réponse % Correct
Quelle découverte attribue-t-ion à Alexander Fleming, en 1928 ? pénicilline
82%
Vous pouvez déguster cette pâtisserie en Alsace - voir photo bretzel
78%
A quel art associe-t-on Willem Claeszoon Heda (1594-1680) ? peinture
61%
Qui est "Le schpountz" dans le film de Marcel Pagnol de 1938 ? Fernandel
57%
De quel fleuve l'Aar est-il un affluent ? Rhin
57%
De quelle actrice célèbre décédée en 1982 la comédienne Sarah Biasini est-elle la fille ? Romy Schneider
51%
Au golf, comment appelle-t-on le club qui sert à propulser la balle sur une courte distance, principalement sur le green ? putter
50%
Au rugby, comment appelle-t-on la phase de jeu où les joueurs d'une même équipe avancent groupés ? maul
27%
Elle est bleue si elle est grande - 4 lettres peur
13%
Familièrement quel terme désigne une raclée, une volée de coups - 7 lettres commençant par " d " ? dégelée
11%
Aucun quiz correspondant
Distribution des résultats
% des personnes avec chaque résultat
Percentile par nombre de réponses
Votre historique - résultats
Vous n’avez pas pris ce quiz